Civil trial cases and verdicts in large counties, 1996 /

Bibliographic Details
Main Author: DeFrances, Carol J.
Corporate Author: United States. Bureau of Justice Statistics
Other Authors: Litras, Marika F. X.
Format: Government Document Book
Language:English
Published: [Washington, DC] : U.S. Dept. of Justice, Office of Justice Programs, Bureau of Justice Statistics, [1999]
Series:Bulletin (United States. Bureau of Justice Statistics)
Subjects:
Online Access:Adobe Acrobat reader required

MARC

Tag First Indicator Second Indicator Subfields
LEADER 00000cam a2200000 a 4500
001 in00000006316
008 991126s1999 dcua bs f000 0 eng d
005 20230331144319.5
035 |a (OCoLC)42890933 
035 |9 AJL5532AM 
035 |a in00000006316 
037 |a NCJ-173426  |b BJS 
040 |d GPO  |d DLC  |d MvI  |d UtOrBLW 
043 |a n-us--- 
049 |a UDOC  |a WWW 
074 |a 0968-H-13 
074 |a 0968-H-13 (online) 
086 0 |a J 29.11:C 49/2 
090 |a KF546  |b .D44 1996 
100 1 |a DeFrances, Carol J. 
245 1 0 |a Civil trial cases and verdicts in large counties, 1996 /  |c by Carol J. DeFrances and Marika F.X. Litras. 
264 1 |a [Washington, DC] :  |b U.S. Dept. of Justice, Office of Justice Programs, Bureau of Justice Statistics,  |c [1999] 
300 |a 24 pages :  |b illustrations ;  |c 28 cm. 
336 |a text  |b txt  |2 rdacontent 
337 |a unmediated  |b n  |2 rdamedia 
338 |a volume  |b nc  |2 rdacarrier 
490 0 |a Bulletin 
500 |a Caption title. 
500 |a Shipping list number: 2000-0017-P. 
500 |a "September 1999." 
500 |a Shipping List #: 2000-0017-P 
500 |a Shipping List Date: 10/21/1999 
504 |a Includes bibliographical references. 
530 |a Also available via Internet at the web site (PDF file). Address as of 12/21/99: http://www.ojp.usdoj.gov/bis/pub/pdf/ctcvlc96.pdf; current access is available via PURL. 
650 0 |a Contracts  |z United States  |v Statistics. 
650 0 |a Torts  |z United States  |v Statistics. 
650 0 |a Actions and defenses  |z United States  |v Statistics. 
700 1 |a Litras, Marika F. X. 
710 1 |a United States.  |b Bureau of Justice Statistics. 
830 0 |a Bulletin (United States. Bureau of Justice Statistics) 
856 4 1 |u https://purl.fdlp.gov/GPO/LPS3728  |z Adobe Acrobat reader required  |t 0 
999 |a MARS 
999 f f |i ffad5858-38fd-3676-8224-bcd4e70aed4f  |s f68e7607-698e-3017-8537-d968e976db32  |t 0 
952 f f |p normal  |a Texas A&M University  |b College Station  |c Sterling C. Evans Library  |d Evans: US Documents (Annex 5th floor)  |t 0  |e J 29.11:C 49/2  |h Superintendent of Documents classification  |i unmediated -- volume  |m A14824312159 
952 f f |a Texas A&M University  |b College Station  |c Electronic Resources  |d Available Online  |t 0  |e J 29.11:C 49/2  |h Superintendent of Documents classification 
998 f f |a J 29.11:C 49/2  |t 0  |l Available Online 
998 f f |a J 29.11:C 49/2  |t 0  |l Evans: US Documents (Annex 5th floor)